| 000 -LEADER |
| fixed length control field |
00681cam a2200181 a 4500 |
| 020 ## - INTERNATIONAL STANDARD BOOK NUMBER |
| ISBN |
0841214832 |
| 040 ## - CATALOGING SOURCE |
| Transcribing agency |
DLC |
| 082 00 - DEWEY DECIMAL CLASSIFICATION NUMBER |
| Classification number |
668 AME 1988 A054 Or. |
| 245 00 - TITLE STATEMENT |
| Title |
Pesticide formulations : |
| Remainder of title |
innovations and developments / |
| 260 ## - PUBLICATION, DISTRIBUTION, ETC. (IMPRINT) |
| Place of publication |
Washington, DC : |
| Name of publisher |
American Chemical Society, |
| Year of publication |
1988. |
| 300 ## - PHYSICAL DESCRIPTION |
| Number of Pages |
xi, 288 p. : |
| Other physical details |
ill. ; |
| Dimensions |
24 cm. |
| 500 ## - GENERAL NOTE |
| General note |
"Developed from a symposium sponsored by the Division of Agrochemicals at the 194th Meeting of the American Chemical Society, New Orleans, Louisiana, August 30-September 4, 1987." |
| 650 #0 - SUBJECT ADDED ENTRY--TOPICAL TERM |
| Topical Term |
Pesticides |
| 700 1# - ADDED ENTRY--PERSONAL NAME |
| Personal name |
Cross, Barrington, |
| 700 1# - ADDED ENTRY--PERSONAL NAME |
| Personal name |
Scher, Herbert B., |
| 710 2# - ADDED ENTRY--CORPORATE NAME |
| Corporate name or jurisdiction name as entry element |
American Chemical Society. |
| 942 ## - ADDED ENTRY ELEMENTS (KOHA) |
| Koha item type |
សៀវភៅភាសាអង់គ្លេស |
| 952 ## - LOCATION AND ITEM INFORMATION (KOHA) |
| Withdrawn status [LOCAL, KOHA] |
0 |